[Event "Landesjugendeinzelmeisterschaft M-V u16"]
[Site "Malchow 2024"]
[Date "2024.02.06"]
[Round "5.8"]
[White "KÃ¶nig, Luca"]
[Black "Lantow, Alexander"]
[Result "1-0"]
[WhiteElo "936"]
[BlackElo "1216"]
[Time "08:30:00"]
[WhiteTeam "Think Rochade - SC HRO"]
[BlackTeam "SSC Rostock 07"]

1.e4 e5 2.Nf3 Nc6 3.Bc4 Bc5 4.c3 Nf6 5.d4 exd4 6.O-O O-O 7.cxd4 Bb4 8.d5 Na5
9.Bb3 Nxb3 10.axb3 Nxe4 11.Qd4 Nxf2 12.Qxb4 Nd3 13.Qd4 Nxc1 14.Rxc1 d6 15.Nc3 b6
16.Re1 Bb7 17.Qh4 Rc8 18.Qxd8 Rfxd8 19.Re7 a5 20.Rae1 Ba8 21.Ng5 f6 22.Ne6 Re8
23.Nf4 Rxe7 24.Rxe7 Kf8 25.Re4 g5 26.Ne6+ Kf7 27.Nd4 c5 28.dxc6 Bxc6 29.Nxc6
Rxc6 30.b4 f5 31.Rd4 Ke6 32.bxa5 Ke5 33.Ra4 bxa5 34.Rxa5+ Kd4 35.Rxf5 Rb6 36.Rb5
Rxb5 37.Nxb5+ Kc5 38.Nc3 Kc4 39.Ne4 d5 40.Nxg5 d4 41.Nf3 Kd3 42.b4 Kc4 43.b5
Kxb5 44.Nxd4+ Kc5 45.Nf5 Kd5 46.g4 Ke5 47.Ng7 Kf6 48.Ne8+ Kg5 49.h3 Kh4 50.Kg2
h6 51.Nf6 Kg5 52.Ng8 h5 53.gxh5 Kxh5 54.Kg3 Kg6 55.Kg4 Kg7 56.Ne7 Kh6 57.h4 Kh7
58.Kg5 Kg7 59.h5 Kh7 60.h6 Kh8 61.Nf5 Kh7 62.Kf6 Kh8 63.Kg6 Kg8 64.Nd6 Kh8
65.Nf7+ Kg8 66.h7+
1-0

[Event "Landesjugendeinzelmeisterschaft M-V u16"]
[Site "Malchow 2024"]
[Date "2024.02.06"]
[Round "5.9"]
[White "Garde, Edgar Emil"]
[Black "Pommerehnke, Marla"]
[Result "1-0"]
[WhiteElo "1087"]
[BlackElo "1112"]
[Time "08:30:00"]
[WhiteTeam "TuS Makkabi Rostock"]
[BlackTeam "TuS Makkabi Rostock"]

1.Nf3 Nf6 2.g3 d5 3.Bg2 Bf5 4.O-O e6 5.d3 c6 6.Re1 Be7 7.b3 Nbd7 8.Bb2 h6 9.Nbd2
O-O 10.e4 Bg4 11.h3 Bh5 12.g4 Bg6 13.Nh4 Nxe4 14.dxe4 Bxh4 15.e5 Re8 16.Re2 Bh7
17.f4 Be7 18.Nf1 Nc5 19.Ba3 Ne4 20.Bxe7 Qxe7 21.Qe1 Rf8 22.Bxe4 Bxe4 23.Ng3 Qc5+
24.Qf2 Qxf2+ 25.Kxf2 Bh7 26.Nh5 c5 27.c3 a5 28.Kg3 Bg6 29.Kh4 Bxh5 30.Kxh5 Rae8
31.h4 Kh7 32.g5 hxg5 33.hxg5 g6+ 34.Kg4 Kg7 35.Rb1 b6 36.b4 axb4 37.cxb4 c4
38.a4 Ra8 39.Rh2 Rxa4 40.Rbh1 Raa8 41.Rh7+ Kg8 42.Rh8+ Kg7 43.R1h7#
1-0

[Event "Landesjugendeinzelmeisterschaft M-V u18"]
[Site "Malchow 2024"]
[Date "2024.02.06"]
[Round "5.1"]
[White "Lippitz, Jaden"]
[Black "Tovmasyan, Minas"]
[Result "0-1"]
[WhiteElo "1633"]
[BlackElo "1779"]
[Time "08:30:00"]
[WhiteTeam "SG GÃ¼strow/Teterow"]
[BlackTeam "TuS Makkabi Rostock"]

1.e4 c5 2.Nf3 a6 3.Nc3 e6 4.d4 cxd4 5.Nxd4 Qc7 6.a3 Nf6 7.f4 d6 8.Be3 b5 9.Qf3
Bb7 10.g4 Nc6 11.g5 Nd7 12.Bh3 Nxd4 13.Bxd4 Nb6 14.Rf1 O-O-O 15.Qf2 Nd7 16.O-O-O
Kb8 17.Bg2 Rc8 18.h4 Nc5 19.b4 Nd7 20.Kb2 Nb6 21.Rfe1 Nc4+ 22.Kb3 e5 23.fxe5
dxe5 24.Ba7+ Ka8 25.Bh3 Na5+ 26.Ka2 Bxb4 27.axb4 Qc4+ 28.Kb1 Qxb4+ 29.Kc1 Rxc3
30.Rd7 Rhc8 31.Rxb7 Rxc2+ 32.Qxc2 Qxe1+ 33.Kb2 Rxc2+
0-1

[Event "Landesjugendeinzelmeisterschaft M-V u18"]
[Site "Malchow 2024"]
[Date "2024.02.06"]
[Round "5.2"]
[White "Schott, Andy"]
[Black "Scharf, Christian"]
[Result "0-1"]
[WhiteElo "1665"]
[BlackElo "1557"]
[Time "08:30:00"]
[WhiteTeam "SG GÃ¼strow/Teterow"]
[BlackTeam "SG GÃ¼strow/Teterow"]

1.c4 e5 2.Nc3 Nf6 3.b3 Nc6 4.Bb2 d5 5.cxd5 Nxd5 6.d3 Bb4 7.Rc1 Nd4 8.e4 Nxc3
9.Bxc3 Bxc3+ 10.Rxc3 O-O 11.Ne2 f5 12.Qc1 fxe4 13.dxe4 Bg4 14.Rxc7 Qf6 15.Qe3
Rac8 16.Rxc8 Rxc8 17.Nxd4 exd4 18.Qd2 d3 19.Qa5 Rc2
0-1

[Event "Landesjugendeinzelmeisterschaft M-V u18"]
[Site "Malchow 2024"]
[Date "2024.02.06"]
[Round "5.3"]
[White "Wiechhusen, Laurin-Elias"]
[Black "KÃ¶pnick, Amanda"]
[Result "1-0"]
[WhiteElo "1640"]
[BlackElo "1355"]
[Time "08:30:00"]
[WhiteTeam "SF Schwerin"]
[BlackTeam "TuS Makkabi Rostock"]

1.Nf3 d5 2.c4 Nf6 3.e3 Bf5 4.Nc3 e6 5.b3 Be7 6.Bb2 Nbd7 7.Be2 c6 8.O-O h6 9.d4
O-O 10.Rc1 a5 11.Qd2 Re8 12.h3 Bd6 13.Ne1 Rc8 14.Bd3 Bxd3 15.Nxd3 Bb8 16.Na4 Ne4
17.Qe2 Qc7 18.g3 Ndf6 19.Nac5 Ng5 20.Kg2 Nge4 21.Nxe4 Nxe4 22.f4 Qd8 {(=)}
23.Nf2 f5 24.Nxe4 fxe4 25.Qg4 Qf6 26.f5 Rc7 27.Ba3 Rf7 {(=)} 28.fxe6 Qxe6
29.Rxf7 Qxg4 30.hxg4 Kxf7 31.cxd5 cxd5 32.Rc5 Bd6 33.Rxa5 Bxa3 34.Rxa3 Ke6
35.Ra7 Re7 36.Ra8 Rc7 37.Rf8 Rc2+ 38.Rf2 Rc3 39.Re2 Kf6 40.Kh3 Ke6 {(=)} 41.Kh4
g6 42.g5 h5 43.g4 hxg4 44.Kxg4 Ke7 45.Kf4 Ke6 46.Rh2 Rc7 47.Rh6 Rf7+ 48.Kg4 Rg7
49.Rh8 Kd6 50.Rf8 Kc6 51.Kf4 Kd7 52.Ke5 Kc6 53.Rf6+ Kc7 54.Kxd5 Rd7+ 55.Kxe4
Re7+ 56.Kf4
1-0

[Event "Landesjugendeinzelmeisterschaft M-V u18"]
[Site "Malchow 2024"]
[Date "2024.02.06"]
[Round "5.4"]
[White "Karff, Tom"]
[Black "Gorski, Paul Peter"]
[Result "1/2-1/2"]
[WhiteElo "1446"]
[BlackElo "1516"]
[Time "08:30:00"]
[WhiteTeam "SG GÃ¼strow/Teterow"]
[BlackTeam "Think Rochade - SC HRO"]

1.e4 c6 2.Nc3 d5 3.Nf3 Bg4 4.d4 dxe4 5.Nxe4 Nf6 6.Nxf6+ exf6 7.c3 Bd6 8.Be2 O-O
9.O-O Qc7 10.h3 Bf5 11.Bd3 Bxd3 12.Qxd3 Nd7 13.Re1 Rfe8 14.Bd2 Nf8 15.Re2 Qd7
16.Rae1 Rxe2 17.Qxe2 Ne6 18.Kf1 Re8 19.c4 Nc7 20.Qd3 Rxe1+ 21.Bxe1 Bf4
1/2-1/2

[Event "Landesjugendeinzelmeisterschaft M-V u18"]
[Site "Malchow 2024"]
[Date "2024.02.06"]
[Round "5.5"]
[White "Schulz, Bruno Andreas"]
[Black "Krause, Enrico"]
[Result "0-1"]
[WhiteElo "1737"]
[BlackElo "1619"]
[Time "08:30:00"]
[WhiteTeam "TuS Makkabi Rostock"]
[BlackTeam "Think Rochade - SC HRO"]

1.d4 d5 2.c4 c6 3.Nf3 Nf6 4.Nc3 dxc4 5.e3 b5 6.a3 Bf5 7.Be2 e6 8.Ne5 Be7 9.O-O
O-O 10.Bf3 Nd5 11.e4 Nxc3 12.bxc3 Bg6 13.Be3 Qc7 14.Bf4 Bd6 15.Qd2 Nd7 16.Nxg6
hxg6 17.Bxd6 Qxd6 18.Qg5 Rab8 19.e5 Qc7 20.Rfb1 Nb6 21.h4 Nd5 22.Bxd5 cxd5 23.h5
gxh5 24.Qxh5 a5 25.g4 f6 26.f4 Qf7 27.Qh4 fxe5 28.fxe5 Qf3 29.Ra2 Qxc3 30.Rh2
Qxd4+ 31.Kg2 Qe4+ 32.Kg3 Qf3#
0-1

[Event "Landesjugendeinzelmeisterschaft M-V u18"]
[Site "Malchow 2024"]
[Date "2024.02.06"]
[Round "5.6"]
[White "WellÃŸow, Keoki"]
[Black "Subocz, Gabriel"]
[Result "1-0"]
[WhiteElo "1599"]
[BlackElo "1322"]
[Time "08:30:00"]
[WhiteTeam "HSG Stralsund"]
[BlackTeam "SAV Torgelow-DrÃ¶geheide 90"]

1.c4 c5 2.g3 Nf6 3.Bg2 d5 4.cxd5 Nxd5 5.Nc3 e6 6.Nxd5 exd5 7.Qb3 Nc6 8.Qxd5 Bd6
9.Nf3 Be6 10.Qe4 O-O 11.O-O Re8 12.Qa4 Bf5 13.Re1 Re4 14.Qd1 Re7 15.d3 Qd7
16.Be3 Nb4 17.Nd2 Rc8 18.a3 Nc6 19.Nc4 Ne5 20.Bxb7 Rb8 21.Nxd6 Qxd6 22.Be4 Bg6
23.Rc1 Rc8 24.Qb3 Kf8 25.Rc2 Bxe4 26.dxe4 Qb6 27.Qc3 Rec7 28.Qxe5 Re8 29.Qxc5+
Qxc5 30.Rxc5 Rec8 31.Rec1 Rxc5 32.Rxc5 Rb8 33.b4
1-0

[Event "Landesjugendeinzelmeisterschaft M-V u18"]
[Site "Malchow 2024"]
[Date "2024.02.06"]
[Round "5.7"]
[White "Steinhauser, Oskar"]
[Black "ThormÃ¤hlen, Tjark"]
[Result "1-0"]
[WhiteElo "1166"]
[BlackElo "1517"]
[Time "08:30:00"]
[WhiteTeam "SSC Rostock 07"]
[BlackTeam "SG GÃ¼strow/Teterow"]

1.e4 e5 2.Nf3 Nc6 3.Bc4 Bc5 4.c3 Nf6 5.d4 exd4 6.cxd4 Bb4+ 7.Bd2 Bxd2+ 8.Nbxd2
d5 9.exd5 Nxd5 10.O-O O-O 11.Qc2 Bg4 12.h3 Bh5 13.Rfe1 Nf4 14.Qf5 Qf6 15.Qxf6
gxf6 16.Re4 Ng6 17.g4 f5 18.gxf5 Nge7 19.d5 Na5 20.Rxe7 Nxc4 21.Rxc7 Bxf3
22.Nxf3 Nd6 23.f6 Rac8 24.Rac1 Rxc7 25.Rxc7 Rc8 26.Rxc8+ Nxc8 27.Ne5 Nd6 28.Nd7
h5 29.Kg2 Kh7 30.Kf3 Kg6 31.Kf4 b6 32.b3 a5 33.Ke5 Ne8 34.f4 h4 35.d6 Nxd6
36.Kxd6 Kf5 37.Ke7 Kxf4 38.Kxf7 Kg3 39.Ke6 Kxh3 40.f7 a4 41.f8=Q axb3 42.axb3
Kh2 43.Qf4+ Kh3 44.Qf3+ Kh2 45.Ne5
1-0

[Event "Landesjugendeinzelmeisterschaft M-V u18"]
[Site "Malchow 2024"]
[Date "2024.02.06"]
[Round "5.8"]
[White "Willam, Max Bastian"]
[Black "Quade, Luca"]
[Result "1/2-1/2"]
[WhiteElo "1455"]
[BlackElo "1195"]
[Time "08:30:00"]
[WhiteTeam "SSC Rostock 07"]
[BlackTeam "TuS Makkabi Rostock"]

1.e4 c5 2.c3 Nf6 3.e5 Nd5 4.Bc4 Nb6 5.Bb3 Nc6 6.Nf3 e6 7.d4 cxd4 8.cxd4 d6 9.O-O
dxe5 10.dxe5 Nd7 11.Ba4 Qc7 12.Bxc6 Qxc6 13.b3 b6 14.Bb2 Bb4 15.Nbd2 Bb7 16.Rc1
Qd5 17.Qe2 Bxd2 18.Qxd2 Qxd2 19.Nxd2 Nc5
1/2-1/2

[Event "Landesjugendeinzelmeisterschaft M-V u18"]
[Site "Malchow 2024"]
[Date "2024.02.06"]
[Round "5.9"]
[White "Mochtak, Maximilian"]
[Black "Janssen, Joris Frederik"]
[Result "0-1"]
[WhiteElo "1078"]
[BlackElo "1606"]
[Time "08:30:00"]
[WhiteTeam "TuS Makkabi Rostock"]
[BlackTeam "TuS Makkabi Rostock"]

1.d4 Nf6 2.Nf3 d5 3.c4 e6 4.Bf4 Be7 5.e3 b6 6.Nc3 a6 7.h3 Bb7 8.Bd3 Nbd7 9.O-O
O-O 10.Ne5 c5 11.Qc2 cxd4 12.exd4 Rc8 13.b3 Re8 14.Ng4 Nf8 15.Qe2 dxc4 16.bxc4
Nxg4 17.hxg4 Qxd4 18.Qd2 Red8 19.Nd5 Qc5 20.Be3 Qd6 21.Nxb6 Rc6 22.Rfd1 Rxb6
23.c5 Qc6 24.f3 Bxc5 25.Bxc5 Qxc5+ 26.Kh1 Rbd6 27.Rac1 Rxd3 28.Rxc5 Rxd2 29.Rxd2
Rxd2 30.Rc7 Bd5 31.a3 g5
0-1

[Event "Offene LJ-Einzelmeisterschaft M-V u25"]
[Site "Malchow 2024"]
[Date "2024.02.06"]
[Round "5.1"]
[White "Markovych, Leonid"]
[Black "Baerens, Lennart"]
[Result "1-0"]
[WhiteElo "1428"]
[BlackElo "1039"]
[Time "08:30:00"]
[WhiteTeam "TuS Makkabi Rostock"]
[BlackTeam "SF Schwerin"]

1.e4 e5 2.Nf3 Nc6 3.Nc3 Nf6 4.d4 exd4 5.Nxd4 d5 6.Bb5 Bd7 7.exd5 Nb4 8.Qe2+ Be7
9.d6 cxd6 10.Nf5 O-O 11.Bxd7 Qxd7 12.Nxe7+ Qxe7 13.Qxe7 Rfe8 14.Qxe8+ Rxe8+
15.Kd2 Ng4 16.a3 Nc6 17.f3
1-0

[Event "Offene LJ-Einzelmeisterschaft M-V u25"]
[Site "Malchow 2024"]
[Date "2024.02.06"]
[Round "5.2"]
[White "JÃ¤hnert, Jamie Mares"]
[Black "Ahmed Ibrahim, Labed"]
[Result "1-0"]
[WhiteElo "1172"]
[BlackElo "1474"]
[Time "08:30:00"]
[WhiteTeam "HSG Stralsund"]
[BlackTeam "SV Motor Wolgast 1949"]

1.e4 c5 2.c3 d6 3.d4 cxd4 4.cxd4 e6 5.Nc3 g6 6.Nf3 Bg7 7.Be3 Nf6 8.Bd3 O-O 9.O-O
Nc6 10.a3 a6 11.Rc1 Bd7 12.Bf4 Qe7 13.Re1 Nh5 14.Be3 e5 15.dxe5 dxe5 16.Nd5 Qd8
17.Bb6 Qb8 18.Nc7 Ra7 19.Bxa7 Qxc7 20.Be3 Rd8 21.Qb3 Be6 22.Bc4 Bxc4 23.Qxc4 Qe7
24.Bg5 Bf6 25.Bxf6 Qxf6 26.Rcd1 Rxd1 27.Rxd1 Nf4 28.Rd7 h6 29.Rxb7 Nd4 30.Qc8+
Kh7 31.Rb8 Nxf3+ 32.Kh1 h5 33.Qg8+ Kh6 34.Qh8+ Qxh8 35.Rxh8+ Kg7 36.Ra8 Ne1
37.Rxa6 Ned3 38.b4 Ne2 39.g3 Nxf2+ 40.Kg2 Nxe4 41.Kf3 N4c3 42.Ke3 Nd4 43.a4 Nd5+
44.Ke4 Nxb4 45.Ra7 Ndc6 46.Rb7 Kf8 47.a5 f5+ 48.Ke3 Nd5+ 49.Kf2 Ncb4 50.Rb5 Ke7
51.a6 Nd3+ 52.Kg1 Nc7 53.a7 Nxb5 54.a8=Q e4 55.Qb7+ Kf6 56.Qxb5 Kg5 57.h3 Ne1
58.Kf2 Nf3 59.Qb6 Ne5 60.Qd8+ Kh6 61.Qh8+ Kg5 62.Qxe5
1-0

[Event "Offene LJ-Einzelmeisterschaft M-V u25"]
[Site "Malchow 2024"]
[Date "2024.02.06"]
[Round "5.4"]
[White "Fissler, Lieselotte"]
[Black "Wilke, Finja"]
[Result "1/2-1/2"]
[WhiteElo "857"]
[BlackElo "1232"]
[Time "08:30:00"]
[WhiteTeam "SAV Torgelow-DrÃ¶geheide 90"]
[BlackTeam "SAV Torgelow-DrÃ¶geheide 90"]

1.e4 e5 2.Nf3 Nc6 3.Nc3 Nf6 4.Bb5 Bb4 5.Bxc6 bxc6 6.Nxe5 Qe7 7.f4 d6 8.Nxc6 Bg4
9.Qxg4 Nxg4 10.Nxe7 Kxe7 11.a3 Bc5 12.b3 Rhe8 13.Bb2 Kf8 14.d3 c6 15.Ne2 g6
16.h3 Ne3 17.Kd2 d5 18.e5 Nxg2 19.Rag1 Be3+ 20.Kc3 Bxg1 21.Rxg1 Ne3 22.Kd2 Nf5
23.Bc3 c5 24.b4 c4 25.d4
1/2-1/2

[Event "Offene LJ-Einzelmeisterschaft M-V u25"]
[Site "Malchow 2024"]
[Date "2024.02.06"]
[Round "5.5"]
[White "RÃ¶seler, Ole"]
[Black "BÃ¼hrt, Charlie"]
[Result "1/2-1/2"]
[WhiteElo "911"]
[BlackElo "735"]
[Time "08:30:00"]
[WhiteTeam "SG GÃ¼strow/Teterow"]
[BlackTeam "ESV Waren"]

1.d4 d5 2.c4 e6 3.Nc3 Nf6 4.Bg5 Bd6 5.c5 Be7 6.Nf3 Nc6 7.a3 h6 8.Bf4 a6 9.e3 b5
10.b4 Bd7 11.Bd3 O-O 12.O-O Na7 13.e4 c6 14.e5 Nh7 15.g3 f5 16.a4 g5
1/2-1/2

[Event "Landesjugendeinzelmeisterschaft M-V u10"]
[Site "Malchow 2024"]
[Date "2024.02.06"]
[Round "6.1"]
[White "Seegebrecht, Johann"]
[Black "Aslanov, Kamran"]
[Result "1-0"]
[WhiteElo "980"]
[BlackElo "995"]
[Time "14:30:00"]
[WhiteTeam "SC Mecklenburger Springer"]
[BlackTeam "SF Schwerin"]

1.e4 e5 2.Nf3 Nc6 3.Nc3 Nf6 4.Bb5 a6 5.Bxc6 dxc6 6.Nxe5 Qd4 7.Nf3 Nxe4 8.Nxd4
Nxf2 9.Kxf2 Bc5 10.Re1+ Be6 11.Kf1 Bxd4 12.Qg4 O-O 13.Qxd4 Rfe8 14.Re3 Red8
15.Qe5 Re8 16.Qxc7 Bc4+ 17.Ne2 Bxe2+ 18.Kxe2 Rxe3+ 19.dxe3 Rf8 20.b3 b5 21.Ba3
Re8 22.Qxc6 Rd8 23.Rd1 Rb8 24.Bd6 h6 25.Bxb8 a5 26.Rd8+ Kh7 27.Qe4+ f5 28.Qxf5+
g6 29.Qf7#
1-0

[Event "Landesjugendeinzelmeisterschaft M-V u10"]
[Site "Malchow 2024"]
[Date "2024.02.06"]
[Round "6.4"]
[White "Hornych, Fridtjof"]
[Black "Koldrack, Erik"]
[Result "1-0"]
[WhiteElo "957"]
[BlackElo "780"]
[Time "14:30:00"]
[WhiteTeam "SF Schwerin"]
[BlackTeam "Think Rochade - SC HRO"]

1.e4 e5 2.Nf3 Nc6 3.Bb5 Bb4 4.O-O Nf6 5.Nc3 d6 6.d4 Bg4 7.h3 Bh5 8.d5 Qd7 9.dxc6
bxc6 10.Ba4 Qe6 11.Bxc6+ Nd7 12.Bxa8 O-O 13.Bd5 Qg6 14.g4 Bxg4 15.hxg4 Qxg4+
16.Kh1 Qh3+ 17.Nh2 Nf6 18.Qd3 Qh4 19.Qg3 Qh5 20.Rg1 g6 21.Qg5 Qh3 22.Qxf6 Bc5
23.Rg3 Qf1+ 24.Nxf1 Bxf2 25.Bh6 Bxg3 26.Qg7#
1-0

[Event "Landesjugendeinzelmeisterschaft M-V u10"]
[Site "Malchow 2024"]
[Date "2024.02.06"]
[Round "6.9"]
[White "Uecker, Emil"]
[Black "Aslanli, Ayna"]
[Result "1-0"]
[WhiteElo "763"]
[BlackElo "750"]
[Time "14:30:00"]
[WhiteTeam "SAV Torgelow-DrÃ¶geheide 90"]
[BlackTeam "SF Schwerin"]

1.e4 e5 2.Nf3 Nc6 3.Bc4 Bc5 4.d3 d6 5.Nc3 Nf6 6.Bg5 Bg4 7.Nd5 Nd4 8.c3 c6 9.cxd4
Bb4+ 10.Nc3 Qa5 11.Qc1 h6 12.Bxf6 O-O 13.Be7 Rfe8 14.a3 d5 15.Bxb4 Qc7 16.Bb3
Bxf3 17.gxf3 Qd7 18.f4 Qg4 19.Bd1 Qg2 20.Rf1 Qxh2 21.fxe5 c5 22.Bxc5 Qh3 23.Qd2
f6 24.exf6 b6 25.Nxd5 bxc5 26.Nc7 Rac8 27.Nxe8 Rxe8 28.dxc5 Rf8 29.Bb3+ Kh8
30.f7 Qc8 31.Qb4 Rd8 32.Qc4 Qc7 33.Rg1 Qf4 34.Qc3 Qf6 35.Qxf6 gxf6 36.Rg8+ Kh7
37.f8=Q Rxf8 38.Rxf8 Kg7 39.c6 Kxf8 40.c7 h5 41.c8=Q+ Kg7 42.Qg8+ Kh6 43.Ke2 h4
44.Rg1 Kh5 45.Qg6#
1-0

[Event "Landesjugendeinzelmeisterschaft M-V u12"]
[Site "Malchow 2024"]
[Date "2024.02.06"]
[Round "6.1"]
[White "Briese, Sophie"]
[Black "Subocz, Barbara"]
[Result "1/2-1/2"]
[WhiteElo "1279"]
[BlackElo "1093"]
[Time "14:30:00"]
[WhiteTeam "SAV Torgelow-DrÃ¶geheide 90"]
[BlackTeam "SAV Torgelow-DrÃ¶geheide 90"]

1.e4 c5 2.Nf3 d6 3.d4 cxd4 4.Nxd4 Nf6 5.Nc3 g6 6.Be3 Bg7 7.f3 Nc6 8.Bc4 a6 9.Qd2
h6 10.h4 Bd7 11.g4 b5 12.Bb3 Ne5 13.g5 hxg5 14.Bxg5 Qb6 15.O-O-O a5 16.Bd5 Rc8
17.f4 Neg4 18.f5 gxf5 19.exf5 Qc5
1/2-1/2

[Event "Landesjugendeinzelmeisterschaft M-V u12"]
[Site "Malchow 2024"]
[Date "2024.02.06"]
[Round "6.3"]
[White "Tran, Nhat Nam"]
[Black "Lott, Konstantin"]
[Result "1/2-1/2"]
[WhiteElo "1471"]
[BlackElo "975"]
[Time "14:30:00"]
[WhiteTeam "Greifswalder SV"]
[BlackTeam "Think Rochade - SC HRO"]

1.e4 e5 2.Nf3 Nc6 3.Bb5 Nf6 4.Nc3 Bb4 5.d3 h6 6.h3 a6 7.Bxc6 dxc6 8.Be3 Bd6
9.O-O O-O 10.d4 Bb4 11.Qd3 Bxc3 12.bxc3 exd4 13.cxd4 Qe7 14.Nd2 b6 15.c4 Bb7
16.Rab1 Ra7 17.e5 Nd7 18.f4 c5 19.d5 Nb8 20.Rb2 f6 21.e6 f5 22.Nb1 Qf6 23.Rb3 a5
24.a4 Na6 25.Bd2 Nb4 26.Bxb4 axb4 27.d6 cxd6 28.Qxd6 Qd4+ 29.Qxd4 cxd4 30.Rxb4
Be4 31.Nd2 Re8 32.Rxb6 Rxa4 33.Rd6 Bd3 34.Rc1 Ra2 35.Nf3 Be4 36.c5 Bxf3 37.gxf3
d3 38.Rd1 Rc2 39.R1xd3 Rxc5 40.R3d4 Rc1+ 41.Kg2 Re1 42.R4d5 R1xe6 43.Rxe6 Rxe6
44.Rxf5 Rg6+ 45.Kf2 Kh7 46.h4 Rc6 47.Kg3 Rc1 48.Kg2 Kg6 49.Re5
1/2-1/2

[Event "Landesjugendeinzelmeisterschaft M-V u12"]
[Site "Malchow 2024"]
[Date "2024.02.06"]
[Round "6.5"]
[White "GÃ¼nther, Toni"]
[Black "Wetzig, Karl Anton"]
[Result "0-1"]
[WhiteElo "839"]
[BlackElo "1121"]
[Time "14:30:00"]
[WhiteTeam "SAV Torgelow-DrÃ¶geheide 90"]
[BlackTeam "SF Schwerin"]

1.e4 c5 2.Nf3 e6 3.d4 d5 4.e5 Nc6 5.c3 Nge7 6.Be2 Ng6 7.Be3 b6 8.O-O Bb7 9.Nbd2
Be7 10.Bb5 O-O 11.Bxc6 Bxc6 12.Qc2 Rc8 13.Rfe1 cxd4 14.cxd4 Bb5 15.Qb3 Qd7
16.Rec1 Ba4 17.Qd3 Qb5 18.Qxb5 Bxb5 19.Nf1 Rc6 20.b3 Rfc8 21.Rxc6 Rxc6 22.Rc1
Rxc1 23.Bxc1 Bd3 24.Ng3 a5 25.a4 Bc2 26.Nd2 Nf4 27.f3 Nd3 28.Ne2 Bd1 29.Nc3 Bxf3
30.Nxf3 Nxc1 31.Kf1 Nxb3 32.Ke2 f5 33.Kd1 g5 34.Kc2 g4 35.Ne1 Nxd4+ 36.Kd3 Nc6
37.Nb5 Nxe5+ 38.Kd4 Ng6 39.g3 h5 40.Ng2 h4 41.gxh4 Nxh4 42.Nf4 Nf3+ 43.Ke3 Nxh2
44.Nxe6 Kf7 45.Ned4 g3 46.Nxf5 g2 47.Kf2 Bf6 48.Kxg2 Ng4 49.Kf3 Ne5+ 50.Ke3 Nc4+
51.Kd3 Nb2+ 52.Kc2 Nxa4 53.Nbd6+
0-1

[Event "Landesjugendeinzelmeisterschaft M-V u12"]
[Site "Malchow 2024"]
[Date "2024.02.06"]
[Round "6.5"]
[White "GÃ¼nther, Toni"]
[Black "Wetzig, Karl Anton"]
[Result "0-1"]
[WhiteElo "839"]
[BlackElo "1121"]
[Time "14:30:00"]
[WhiteTeam "SAV Torgelow-DrÃ¶geheide 90"]
[BlackTeam "SF Schwerin"]

1.e4 c5 2.Nf3 e6 3.d4 d5 4.e5 Nc6 5.c3 Nge7 6.Be2 Ng6 7.Be3 b6 8.O-O Bb7 9.Nbd2
Be7 10.Bb5 O-O 11.Bxc6 Bxc6 12.Qc2 Rc8 13.Rfe1 cxd4 14.cxd4 Bb5 15.Qb3 Qd7
16.Rec1 Ba4 17.Qd3 Qb5 18.Qxb5 Bxb5 19.Nf1 Rc6 20.b3 Rfc8 21.Rxc6 Rxc6 22.Rc1
Rxc1 23.Bxc1 Bd3 24.Ng3 a5 25.a4 Bc2 26.Nd2 Nf4 27.f3 Nd3 28.Ne2 Bd1 29.Nc3 Bxf3
30.Nxf3 Nxc1 31.Kf1 Nxb3 32.Ke2 f5 33.Kd1 g5 34.Kc2 g4 35.Ne1 Nxd4+ 36.Kd3 Nc6
37.Nb5 Nxe5+ 38.Kd4 Ng6 39.g3 h5 40.Ng2 h4 41.gxh4 Nxh4 42.Nf4 Nf3+ 43.Ke3 Nxh2
44.Nxe6 Kf7 45.Ned4 g3 46.Nxf5 g2 47.Kf2 Bf6 48.Kxg2 Ng4 49.Kf3 Ne5+ 50.Ke3 Nc4+
51.Kd3 Nb2+ 52.Kc2 Nxa4 53.Nbd6+ Ke6
0-1

[Event "Landesjugendeinzelmeisterschaft M-V u12"]
[Site "Malchow 2024"]
[Date "2024.02.06"]
[Round "6.6"]
[White "Feist, Jonas"]
[Black "Zarbock, Tim Pepe"]
[Result "1/2-1/2"]
[WhiteElo "983"]
[BlackElo "770"]
[Time "14:30:00"]
[WhiteTeam "SAV Torgelow-DrÃ¶geheide 90"]
[BlackTeam "Greifswalder SV"]

1.e4 e5 2.Nf3 Nc6 3.Nc3 Nf6 4.d4 d6 5.Bb5 Bd7 6.Bxc6 Bxc6 7.dxe5 dxe5 8.Qxd8+
Rxd8 9.O-O Bb4 10.Bg5 Bxc3 11.bxc3 Bxe4 12.Rab1 b6 13.Rbc1 h6 14.Bxf6 gxf6
15.Rfe1 Bxf3 16.gxf3 Rg8+ 17.Kh1 Rd2 18.f4 Rxf2 19.fxe5 fxe5 20.Rxe5+ Kd7 21.Rh5
Rg6 22.Rd1+ Kc6 23.Rc1 f5 24.Rh3 f4 25.a3 Rfg2 26.Rf3 R6g4 27.h3 R2g3 28.Rcf1
Rxf3 29.Rxf3 Rh4 30.Kg2 Kd5 31.Rd3+ Kc6 32.Rd4 a5 33.Rc4+ Kb7 34.Rd4 c5 35.Rd1
Rh5 36.Rh1 Rf5 37.Kf3 Kc6 38.Ke4 Rf8
1/2-1/2

[Event "Landesjugendeinzelmeisterschaft M-V u12"]
[Site "Malchow 2024"]
[Date "2024.02.06"]
[Round "6.10"]
[White "Martinez, Victor"]
[Black "Koldrack, Konrad"]
[Result "0-1"]
[WhiteElo "812"]
[BlackElo "795"]
[Time "14:30:00"]
[WhiteTeam "Think Rochade - SC HRO"]
[BlackTeam "Think Rochade - SC HRO"]

1.d4 d5 2.Nc3 Bf5 3.g3 Nf6 4.Bg2 e6 5.Bf4 Bd6 6.Bg5 Nc6 7.Qd2 Bb4 8.O-O-O Qd7
9.Bf4 Ne4 10.Qe3 Nxc3 11.bxc3 Ba3+ 12.Kd2 Na5 13.Ke1 Qc6 14.Qe5 Qxc3+ 15.Bd2
Qxc2 16.f3 Nc4 17.Qxc7 O-O 18.Qf4 Bg6 19.Nh3 a5 20.Kf2 Bd6 21.Rc1 Qxa2 22.Ra1
Qxd2 23.Qxd2 Nxd2 24.Rhd1 Nb3 25.e3 Nxa1 26.Rxa1 Bf5 27.g4 Bd3 28.Rd1 Ba6 29.f4
{f5} 29...-- 30.f5 exf5 31.gxf5 Bxh2 32.Bxd5 Rac8 33.Rh1 Rc2+ 34.Kf3 Rd8 35.Bb3
Be2+ 36.Ke4 Re8+ 37.Kd5 Rc6 38.Rxh2 Bf3+ 39.e4 Bxe4#
0-1

[Event "Landesjugendeinzelmeisterschaft M-V u14"]
[Site "Malchow 2024"]
[Date "2024.02.06"]
[Round "6.1"]
[White "Herrmann, Jakob"]
[Black "Gavrylyuk, Oleksandr"]
[Result "1-0"]
[WhiteElo "2031"]
[BlackElo "1390"]
[Time "14:30:00"]
[WhiteTeam "SAV Torgelow-DrÃ¶geheide 90"]
[BlackTeam "TuS Makkabi Rostock"]

1.Nf3 d5 2.g3 c5 3.Bg2 Nc6 4.d4 Bf5 5.O-O e6 6.c4 Nf6 7.cxd5 Nxd5 8.Nc3 Nxc3
9.bxc3 Bd6 10.h3 O-O 11.Nh4 Bg6 12.Nxg6 hxg6 13.Rb1 Qc7 14.Be3 cxd4 15.cxd4 Rfe8
16.Qa4 f5 17.Rxb7 Qxb7 18.Bxc6 Qb8 19.Bxe8 Qxe8 20.Qxe8+ Rxe8 21.Rb1 Rc8 22.Rb7
a5 23.Rb2 Kf7 24.Kf1 Bb4 25.Bf4 Bc3 26.Rc2 Ke7 27.Bd2 Bxd2 28.Rxc8 Kd7 29.Rc2
Bb4 30.f3 g5 31.e4 Bd6 32.g4
1-0

[Event "Landesjugendeinzelmeisterschaft M-V u14"]
[Site "Malchow 2024"]
[Date "2024.02.06"]
[Round "6.2"]
[White "Chandrasekher, Ritu"]
[Black "Natsagdorj, Zelme"]
[Result "0-1"]
[WhiteElo "1387"]
[BlackElo "1404"]
[Time "14:30:00"]
[WhiteTeam "TuS Makkabi Rostock"]
[BlackTeam "SC Mecklenburger Springer"]

1.e4 e5 2.Nf3 Nc6 3.d4 exd4 4.Bc4 Nf6 5.e5 d5 6.Bb5 Ne4 7.O-O Bd7 8.Bxc6 bxc6
9.Nxd4 Bc5 10.f3 Ng5 11.f4 Ne4 12.Be3 Bb6 13.Nd2 Nxd2 14.Qxd2 O-O 15.Nb3 f6
16.Bxb6 cxb6 17.Qd4 Qc7 18.Rae1 Rae8 19.Rf3 c5 20.Qxd5+ Kh8 21.Rfe3 fxe5 22.fxe5
Be6 23.Qe4 Rf7 24.Rf3 Rfe7 25.Kf2 h6 26.Qf4 Bd5 27.Nd2 Bxf3 28.Nxf3 Rf7 29.Qe4
Qb7 30.Qe3 Qd5 31.Kg1 Qxa2 32.Nh4 Kg8 33.Ng6 Qd5 34.c3 Qe6 35.Nf4 Qc4 36.Ng6 Re6
37.Qg3 Kh7 38.Nh4 Qf4 39.Qd3+ Kg8 40.Nf3 Qf5 41.Qd8+ Kh7 42.Qd2 Rfe7 43.Qe2 Rd7
44.Nh4 Qg5 45.Nf3 Qg4 46.h3 Qg3 47.Qe4+ Qg6 48.Qe2 Qd3 49.Qf2 Qf5 50.Qe2 Qd3
51.Qf2 c4 52.Qh4 Rg6 53.e6 Qxf3 54.g4 Rd2 55.Re2 Rxe2
0-1

[Event "Landesjugendeinzelmeisterschaft M-V u14"]
[Site "Malchow 2024"]
[Date "2024.02.06"]
[Round "6.3"]
[White "Stepanjan, Tatevik Mia"]
[Black "Wilke, Ronja"]
[Result "1-0"]
[WhiteElo "1337"]
[BlackElo "1202"]
[Time "14:30:00"]
[WhiteTeam "ESV 1888 Wittenberge"]
[BlackTeam "SAV Torgelow-DrÃ¶geheide 90"]

1.e4 c6 2.d4 d5 3.exd5 cxd5 4.Bd3 Nc6 5.c3 g6 6.Bf4 Bg7 7.Nf3 Nh6 8.Bxh6 Bxh6
9.Nbd2 O-O 10.O-O f6 11.Re1 Bg7 12.Bb5 Re8 13.c4 a6 14.Qa4 Qd6 15.cxd5 Bd7
16.dxc6 axb5 17.Qb3+ Kh8 18.cxd7 Qxd7 19.Ne4 b6 20.Red1 Rad8 21.Rac1 Qb7 22.Nc3
Rc8 23.Qxb5
1-0

[Event "Landesjugendeinzelmeisterschaft M-V u14"]
[Site "Malchow 2024"]
[Date "2024.02.06"]
[Round "6.4"]
[White "Jakobi, Paul Leonhard"]
[Black "Eschrig, Immanuel"]
[Result "1-0"]
[WhiteElo "1054"]
[BlackElo "1459"]
[Time "14:30:00"]
[WhiteTeam "SF Schwerin"]
[BlackTeam "Greifswalder SV"]

1.e4 Nc6 2.Nc3 e6 3.d4 d5 4.e5 f6 5.f4 Be7 6.Nf3 Nh6 7.Bd3 O-O 8.Bd2 Qe8 9.Qe2
Nd8 10.a3 c5 11.Qf2 Ng4 12.Qg3 f5 13.h3 cxd4 14.Ne2 Qh5 15.Nexd4 Nc6 16.O-O-O
Nh6 17.Qf2 Qe8 18.Be2 Bc5 19.Be3 a6 20.Rdf1 b5 21.Nd2 b4 22.N2b3 Bb6 23.g4 bxa3
24.bxa3 Na5 25.g5 Nf7 26.Rfg1 Nh8 27.Nxa5 Bxa5 28.Nb3 Qa4 29.Bc5 Rf7 30.h4 Ng6
31.h5 Qxf4+ 32.Qxf4 Nxf4 33.Kd1 Bc3 34.Rg3 Nxe2 35.Kxe2 Bxe5 36.Rg2 Rc7 37.Kd3
a5 38.g6 h6 39.Bb6 Rc3+ 40.Kd2 a4 41.Bd4 Bxd4 42.Nxd4 Rxa3 43.Re2 Ra6 44.Rhe1
Rh3 45.Nxf5 Ra7 46.Rf2 Rc7 47.Nd6 Rhc3 48.Kd1 a3 49.Ref1
1-0